Представление документа в формате RUSMARC

ПолеНазваниеЗначение
  Тип записи a
  Библиографический уровень m
001 Контрольный номер RU/CBS_UL/BASE/daeaad288a7e4f0491b79ffab8eb4ef8
005 Дата корректировки 20260130093143.9
010 Индекс ISBN __
a ISBN
d Цена 7 р. 00 к.
9 Тираж экз.
100 Данные общей обработки __
a Данные общей обработки 20260130d 0rusy0189## ca
101 Язык документа 0_
a Язык текста rus
102 Страна публикации __
a Страна публикации RU
200 Заглавие и сведения об ответственности 1_
a Заглавие Сенгилей (заметки о прошлом уездного города)
f Первые сведения об ответственности В. А. Рябов
210 Выходные данные 1_
a Место издания Ульяновск
c Издательство Симбирская книга
d Дата издания 1994
215 Физическое описание __
a Объем 146 с.
d Формат см.
300 Общие примечания __
a Общие примечания 16+
300 Общие примечания __
a Общие примечания Краеведческий фонд МБУК ЦБС
606 Тематические рубрики 0_
a Основная рубрика Сенгилей, город (Ульяновская область) - История
610 Ключевые слова 0_
a Ключевые слова Сенгилей; история; прошлое; хроника жизни; первые поселенцы; краеведение
686 Индексы других классификаций __
2 Код системы rubbk
a Классификационный индекс 63.3(2Рос 235.54)
700 Автор _1
a Фамилия Рябов
b Имя (инициалы) В. А.
g Полное личное имя Валентин Алексеевич
801 Источник записи _0
a Страна RU
b Организация МБУК ЦБС г. Ульяновска
c Дата составления 20260130
g Правила каталогизации RCR
801 Источник записи _1
a Страна RU
b Организация МБУК ЦБС г. Ульяновска
c Дата составления 20260130
g Правила каталогизации RCR
852 Данные о местонахождении __
i Авторский знак Р 98
j Шифр хранения 63.3(2...)
901 Тип документа __
t Тип документа m
909 Создатель записи __
a Создатель записи obr6
b Дата создания записи 20260130